000 00513cam a2200169 4500500
005 20260405003029.0
041 _afre
042 _adc
100 1 0 _aLacroix, Alexandre
_eauthor
245 0 0 _aL’art de l’évasion
260 _c2020.
500 _a48
690 _aAdmiration
690 _aAlexandre Lacroix
786 0 _nPhilosophie magazine | 137 | 3 | 2020-03-01 | p. 1-1 | 1951-1787
856 4 1 _uhttps://shs.cairn.info/magazine-philosophie-magazine-2020-3-page-1?lang=fr&redirect-ssocas=7080
999 _c2063710
_d2063710